Statystyczna teoria rozpoznawania obrazów

Gespeichert in:
Bibliographische Detailangaben
1. Verfasser: Jajuga, Krzysztof
Format: Buch
Sprache:Polnisch
Veröffentlicht: Warszawa Wyd. Naukowe 1990
Ausgabe:1. wyd.
Schriftenreihe:Biblioteka ekonometryczna
Tags: Tag hinzufügen
Keine Tags, Fügen Sie das erste Tag hinzu!

MARC

LEADER 00000nam a2200000 4500
001 c037931
005 20221215130352.2
041 0 |a pol 
044 |a PL 
245 1 0 |a Statystyczna teoria rozpoznawania obrazów  |c Krzysztof Jajuga 
250 |a 1. wyd. 
264 1 |a Warszawa  |b Wyd. Naukowe  |c 1990 
300 |a 244 s. 
490 1 |a Biblioteka ekonometryczna 
830 0 |a Biblioteka ekonometryczna 
100 1 |a Jajuga, Krzysztof